Dzielnice Sopotu - Statystyki

Ogólne statystyki
  • Ten quiz został rozwiązany 174 razy
  • Średni wynik to 6 z 16
Statystyki odpowiedzi
Dzielnica % Poprawnych
Kamienny Potok
91%
Dolny Sopot Grunwaldzka
75%
Dolny Sopot Haffnera
75%
Górny Sopot
71%
Brodwino
58%
Karlikowo
49%
Sopot Centrum
43%
Przylesie
39%
Świemirowo
32%
Osiedle Mickiewicza
20%
Leśna Polana / Gręzowo
17%
Sopocki Las
17%
Lisie Wzgórze
14%
Centrum Południe – Kościuszki
12%
Zajęcze Wzgórze
12%
Stawowie
11%
Nie znaleziono quizów pasujących do podanych kryteriów
Rozkład punktacji
Procent ludzi z każdym wynikiem
Percentyl według liczby udzielonych odpowiedzi
Twoja historia wyników
Nie rozwiązałeś tego quizu